UBT Library

Value, capital and growth / (Record no. 42982)

000 -LEADER
fixed length control field 00723cam a22002414a 4500
001 - CONTROL NUMBER
control field 14194180
005 - DATE AND TIME OF LATEST TRANSACTION
control field 20180221033934.0
008 - FIXED-LENGTH DATA ELEMENTS--GENERAL INFORMATION
fixed length control field 051209s2006 njua b 010 0 eng
010 ## - LIBRARY OF CONGRESS CONTROL NUMBER
LC control number 2005046696
020 ## - INTERNATIONAL STANDARD BOOK NUMBER
International Standard Book Number 0202308464 (alk. paper)
040 ## - CATALOGING SOURCE
Original cataloging agency DLC
Transcribing agency DLC
Modifying agency DLC
041 ## - LANGUAGE CODE
Language code of text/sound track or separate title eng
042 ## - AUTHENTICATION CODE
Authentication code pcc
080 ## - UNIVERSAL DECIMAL CLASSIFICATION NUMBER
Universal Decimal Classification number 330 JOH
082 00 - DEWEY DECIMAL CLASSIFICATION NUMBER
Classification number 330 JOH
Edition number 22
100 ## - Rafti
Rafti 52
101 ## - Shkurtesa
Shkurtesa CAP
245 00 - TITLE STATEMENT
Title Value, capital and growth /
Statement of responsibility, etc edited by J.N. Wolfe.
504 ## - BIBLIOGRAPHY, ETC. NOTE
Bibliography, etc Includes bibliographical references.
906 ## - LOCAL DATA ELEMENT F, LDF (RLIN)
a 7
b cbc
c orignew
d 1
e ocip
f 20
g y-gencatlg
942 ## - ADDED ENTRY ELEMENTS (KOHA)
Source of classification or shelving scheme
Item type Books
Holdings
Withdrawn status Lost status Source of classification or shelving scheme Damaged status Not for loan Collection code Permanent location Current location Shelving location Date acquired Total Checkouts Full call number Barcode Date last seen Price effective from Koha item type
          Koleksioni i përgjithshem UBT - Lipjan UBT - Lipjan Koleksioni i përgjithshem 02/21/2018   330 JOH 002-2999944 02/21/2018 02/21/2018 Books
UBT Library © 2015-2024. All rights reserved University Education for Business and Technology